000 00847nam a2200229 i 4500
001 102511
003 ES-MaACL
005 20231229062544.0
007 t|
008 051111s1964 sp ||||1| spa d
100 1 _aMendizábal, Federico de.
_980208
245 1 0 _aHogueras en holocausto
_b: rapsodias /
_cFederico de Mendizábal; juicios críticos por Federico Carlos Sainz de Robles, ofrendas poéticas de Ignacio Sarda y Fernando José de Larra.
260 _aMadrid :
_b[s.n.],
_c1964 (
_fTaravilla)
300 _a305 p. ;
_c21 cm.
490 1 _aColección amor
700 1 _aSainz de Robles, Federico Carlos,
_d1898-1982
_9101593
700 1 _aSardá Martín, Ignacio.
_9103789
700 1 _aLarra, Fernando José de.
_970286
830 0 _aColección amor
_9179665
852 _aES-MaACL
_jC-26114
_bR.54677
999 _c102511
_d102511